Biología general 2: leyes y mecanismos de la herencia /
Guardado en:
| Autor Principal: | |
|---|---|
| Formato: | Libro |
| Publicado: |
España :
Alhambra,
1975
|
| Materias: | |
| Etiquetas: |
Agregar Etiqueta
Sin Etiquetas, Sea el primero en etiquetar este registro!
|
| LEADER | 01563nam a22002295a 4500 | ||
|---|---|---|---|
| 001 | CEM.cems016584 | ||
| 005 | 20120409162023.0 | ||
| 008 | 130507s1975##################000#0#####d | ||
| 003 | CEMS | ||
| 020 | |a 8420505110 | ||
| 082 | 0 | 4 | |a 574 |
| 100 | 1 | |a Lamotte, Maxime | |
| 245 | 1 | 0 | |a Biología general 2: leyes y mecanismos de la herencia / |c Maxime Lamotte, Philippe Lïheritier |
| 260 | |a España : |b Alhambra, |c 1975 | ||
| 300 | |a 235 p. | ||
| 505 | 0 | |a La herencia en un organismo haploide sin sexualidad. Noción de gen, unidad de mutación y unidad de función -- El paso de los genes a través de la reproducción sexual. La segregación mendeliana estudiada en la fase hapolide -- El paso de los genes a través de la reproducción sexual. La segregación mendeliana en los organismos dipolides... -- La determinación del sexo y la herencia ligada al sexo... -- La naturaleza bioquímica del material genético y las diversas unidades genéticas -- Mutaciones y agentes mutagénicos -- Poliploidia y aneuploidia -- Las relaciones entre genes y caracteres -- El mecanismo de la actividad heterocetalítica de los genes -- Los mecanismos de regulación del funcionamiento celular -- La herencia extracromosómica -- Las relaciones entre el núcleo y el citoplasma -- Apéndice: La presentación de un conjunto de resultados relacionados con un carácter cuantitativo | |
| 653 | |a Poliploidia | ||
| 653 | |a Genética | ||
| 653 | |a Reproducción sexual | ||
| 653 | |a Biología | ||
| 653 | |a Herencia | ||
| 859 | |a CEMS |b BIB. CEMS - Agricultura |h 574 |i L193 |p A18171.95 |t Ej.1 |v 2 |3 2 | ||
